[Event "Helsingor Xtracon op"]
[Site "Helsingor"]
[Date "2018.07.24"]
[Round "5"]
[White "Mehringer, Joerg"]
[Black "Maharjan, Radha Krishna"]
[Result "1-0"]
[WhiteElo "1933"]
[BlackElo "1765"]
[PlyCount "141"]
[EventDate "2018.07.21"]
[EventType "swiss"]
[EventRounds "10"]
[EventCountry "DEN"]
[SourceTitle "CBM 185 Extra"]
[Source "ChessBase"]
[SourceDate "2018.07.29"]
[SourceVersion "1"]
[SourceVersionDate "2018.07.29"]
[SourceQuality "1"]

1. e4 e6 2. d4 d5 3. exd5 exd5 4. c4 Nf6 5. Nc3 Be7 6. cxd5 Nxd5 7. Nf3 0-0 8. Bd3 Bf6 9. 0-0 c6 10. h3 Be6 11. Ne4 Be7 12. Neg5 g6 13. Nxe6 fxe6 14. Bh6 Re8 15. Qd2 Nd7 16. Rae1 Bb4 17. Qc1 Bxe1 18. Rxe1 Qf6 19. Ne5 Nxe5 20. Rxe5 Ne7 21. Bg5 Qf7 22. g4 Nd5 23. Bh6 Qf3 24. Be4 Qf6 25. Qd2 Rac8 26. Bg5 Qf7 27. Bh6 Rcd8 28. Bc2 Rd7 29. Kg2 Red8 30. Bb3 Re8 31. Qg5 Qe7 32. Qd2 Qf6 33. Bg5 Qf7 34. Bh6 a6 35. Qg5 a5 36. Qd2 Ra8 37. a3 a4 38. Ba2 b5 39. Qc1 Rc7 40. Qe1 Re8 41. Qe4 Rd7 42. Qe2 Rdd8 43. Bg5 Rd6 44. Bh6 Rd7 45. Qd2 Rd6 46. Qg5 Qf6 47. Rxd5 Qxg5 48. Rxg5 Rxd4 49. Rc5 Kf7 50. Rxc6 b4 51. Be3 Re4 52. Kf3 Re5 53. axb4 Rb5 54. Bc5 Rb7 55. Ke4 Rd7 56. Ke5 Rd2 57. Rc7+ Kg8 58. Bxe6+ Kh8 59. Ra7 Re2+ 60. Be3 Rxb2 61. Rxa4 Rb8 62. Kd5 Rd8+ 63. Ke4 h5 64. gxh5 gxh5 65. Kf5 Rb1 66. Kg6 Rg1+ 67. Bg5 h4 68. f4 Rf8 69. Ra7 Rxg5+ 70. Kxg5 Rb8 71. Kh6 1-0